000 00305nam a22001337a 4500
008 171009b xxu||||| |||| 00| 0 eng d
020 _a0393957977
041 _aeng
080 _a159.9
100 _a49
101 _aPSI
245 _aSELF PSYCHOLOGY IN CLINICAL SOCIAL WORK
_cELSON,M
942 _2udc
_cBK
999 _c32603
_d32603